LEADER 01993nam 2200481 450 001 9910460733503321 005 20200520144314.0 010 $a93-5250-097-0 035 $a(CKB)3710000000499029 035 $a(EBL)4514426 035 $a(MiAaPQ)EBC4514426 035 $a(Au-PeEL)EBL4514426 035 $a(CaPaEBR)ebr11220284 035 $a(OCoLC)951973957 035 $a(EXLCZ)993710000000499029 100 $a20160625h20142014 uy 0 101 0 $aeng 135 $aur|n|---||||| 181 $2rdacontent 182 $2rdamedia 183 $2rdacarrier 200 10$aHandbook of syncope $ea concise clinical approach /$fBehazad B. Pavri ; foreword Andrew E. Epstein 205 $aFirst edition. 210 1$aNew Delhi, India :$cJaypee Brothers Medical Publishers (P) Ltd.,$d2014. 210 4$dİ2014 215 $a1 online resource (147 p.) 300 $aDescription based upon print version of record. 311 $a93-5090-953-7 320 $aIncludes bibliographical references and index. 327 $aPrelims; Chapter-01_Historical Aspects, Definition, and Epidemiology; Chapter-02_Overview of the Causes of Syncope; Chapter-03_Approach to the Syncopal Patient-Importance of History, Physical Examination, and ECG; Chapter-04_Additional Tests used in the Evaluation of the Syncopal Patient; Chapter-05_The Medicolegal Aspects of Syncope Driving, Flying, and Sports; Chapter-06_Specific Syncope Syndromes; Chapter-07_Vasovagal Syncope; Chapter-08_Syncope due to Bradyarrhythmia; Chapter-09_Tachyarrhythmia as Cause of Syncope; Chapter-10_Miscellaneous Causes of Syncope; Index 606 $aSyncope (Pathology) 608 $aElectronic books. 615 0$aSyncope (Pathology) 676 $a616.047 700 $aPavri$b Behazad B.$0936683 702 $aEpstein$b Andrew E. 801 0$bMiAaPQ 801 1$bMiAaPQ 801 2$bMiAaPQ 906 $aBOOK 912 $a9910460733503321 996 $aHandbook of syncope$92109792 997 $aUNINA LEADER 02338nam 2200625 450 001 9910208816703321 005 20230803211252.0 010 $a1-118-74988-X 010 $a1-118-81919-5 010 $a1-118-74981-2 035 $a(CKB)4330000000002619 035 $a(SSID)ssj0001110721 035 $a(PQKBManifestationID)11603661 035 $a(PQKBTitleCode)TC0001110721 035 $a(PQKBWorkID)11125696 035 $a(PQKB)11497272 035 $a(OCoLC)870244536 035 $a(DLC) 2013035001 035 $a(CaSebORM)9781118749814 035 $a(Au-PeEL)EBL1605590 035 $a(CaPaEBR)ebr10833773 035 $a(MiAaPQ)EBC1605590 035 $a(EXLCZ)994330000000002619 100 $a20140214h20142014 uy 0 101 0 $aeng 135 $aurcnu|||||||| 181 $ctxt 182 $cc 183 $acr 200 10$aGypsum construction handbook /$fUSG Corporation 205 $aSeventh edition. 210 1$aHoboken, New Jersey :$cJohn Wiley & Sons, Inc.,$d2014. 210 4$dİ2014 215 $a1 online resource (575 pages) $cillustrations, photographs 225 0 $aRSMeans 300 $aIncludes indexes. 311 $a1-306-41230-7 311 $a1-118-74984-7 330 $aThe tried-and-true Gypsum Construction Handbook is a systematic guide to selecting and using gypsum drywall, veneer plaster, tile backers, ceilings, and conventional plaster building materials. A widely respected training text for aspiring architects and engineers, the book provides detailed product information and efficient installation methodology. The Seventh Edition features updates in gypsum products, including ultralight panels, glass-mat panels, paperfaced plastic bead, and ultralightweight joint compound, and modern specialty acoustical and ceiling product guidelines. This comprehensive reference also incorporates the latest in sustainable products. 606 $aGypsum 606 $aPlaster 606 $aPlastering 606 $aDrywall construction 615 0$aGypsum. 615 0$aPlaster. 615 0$aPlastering. 615 0$aDrywall construction. 676 $a691/.9 801 0$bMiAaPQ 801 1$bMiAaPQ 801 2$bMiAaPQ 906 $aBOOK 912 $a9910208816703321 996 $aGypsum construction handbook$92269942 997 $aUNINA